| 000 | 00407nam a2200157Ia 4500 | ||
|---|---|---|---|
| 005 | 20250526030450.0 | ||
| 008 | 240331s9999 xx 000 0 und d | ||
| 020 | _a9559102788 | ||
| 082 |
_bBHA _a305 |
||
| 100 | _aBhasin,K | ||
| 245 | 0 | _aPirimikama gana vimasumak | |
| 260 |
_aColombo _bSocial Science Association _c2005 |
||
| 300 | _a79 p ., | ||
| 500 | _aA book on question about masculinity | ||
| 942 | _cL | ||
| 999 |
_c5243 _d5243 |
||